| Tag |
First Indicator |
Second Indicator |
Subfields |
| LEADER |
00000cam a2200000 a 4500 |
| 001 |
in00000075522 |
| 005 |
20151008053634.0 |
| 008 |
760511s1975 ck a b 00010 spam |
| 010 |
|
|
|a 76461357
|
| 035 |
|
|
|a (OCoLC)02108524
|
| 035 |
|
|
|9 AAH8116AM
|
| 040 |
|
|
|a DLC
|c DLC
|d TXA
|d UtOrBLW
|
| 043 |
|
|
|a cl-----
|
| 049 |
|
|
|a TXAM
|c [1195581]
|
| 050 |
0 |
0 |
|a HC125
|b .M58
|
| 082 |
0 |
|
|a 338/.098
|
| 100 |
1 |
|
|a Mohr, Hermann J.,
|d 1935-
|
| 245 |
1 |
0 |
|a Estrategia de desarrollo para America Latina /
|c Hermann J. Mohr.
|
| 264 |
|
1 |
|a Bogota, Colombia :
|b Editorial America Latina,
|c 1975.
|
| 300 |
|
|
|a 330 pages :
|b illustrations ;
|c 24 cm.
|
| 336 |
|
|
|a text
|b txt
|2 rdacontent
|
| 337 |
|
|
|a unmediated
|b n
|2 rdamedia
|
| 338 |
|
|
|a volume
|b nc
|2 rdacarrier
|
| 504 |
|
|
|a Bibliography: pages 320-321.
|
| 650 |
|
0 |
|a Economic development.
|
| 651 |
|
0 |
|a Latin America
|x Economic policy
|x Case studies.
|
| 999 |
|
|
|a MARS
|
| 999 |
f |
f |
|s 1de598b1-9656-363b-b8c8-9b8710243c7d
|i 531d6ea1-dfeb-3d5b-a33b-342c58763511
|t 0
|
| 952 |
f |
f |
|p ric
|a Texas A&M University
|b Rellis Campus
|c Joint Library Facility
|d Remote Storage
|t 0
|e HC125 .M58
|h Library of Congress classification
|i unmediated -- volume
|m A14806121982
|
| 998 |
f |
f |
|a HC125 .M58
|t 0
|l Remote Storage
|